000 00324pab a2200133 454500
008 180718b xxu||||| |||| 00| 0 eng d
100 _aChakravarthy, Nikhil
245 _aKashmir: What next/
650 _a Politics
650 _a Jammu & Kashmir
650 _aJammu & Kashmir - Politics
773 _aMainstream
909 _a2063
999 _c2063
_d2063